| 000 | 00667nam a22002177a 4500 | ||
|---|---|---|---|
| 942 | _cBK | ||
| 999 |
_c582 _d582 |
||
| 005 | 20250420134817.0 | ||
| 008 | 200810b ||||| |||| 00| 0 eng d | ||
| 020 | _a9781133613053 | ||
| 040 | _cKCST | ||
| 082 |
_a005.73 _bDr Da |
||
| 100 |
_aDrozdek, Adam _94982 |
||
| 245 |
_aData structures and algorithms in C++ / _cAdam Drozdek |
||
| 250 |
_a4th edition _bInt. edition |
||
| 260 |
_aAustralia : _bCengage Learning, _c2013. |
||
| 300 |
_axvi, 792 pages : _billustrations ; _c24 cm |
||
| 650 |
_aC++ (Computer program language) _9162 |
||
| 650 |
_aData structures (Computer science) _9363 |
||
| 650 |
_aComputer algorithms. _9364 |
||
| 942 | _2ddc | ||